000 00188nam a2200085Ia 4500
100 _aKhaimouich/E.M
942 _cBK
245 _aHydraulic Control of Machine Tools
260 _bPergamon press
999 _c18469
_d18469